ARRUPE JESUIT UNIVERSITY

CORONAVIRUS -STOP THE SPREAD - CLEAN,DISINFECT,COVER

Management information systems: readings and cases (Record no. 101189)

MARC details
000 -LEADER
fixed length control field 00562nam a2200217Ia 4500
003 - CONTROL NUMBER IDENTIFIER
control field 0100
008 - FIXED-LENGTH DATA ELEMENTS--GENERAL INFORMATION
fixed length control field 130307s9999 xx 000 0 und d
020 ## - INTERNATIONAL STANDARD BOOK NUMBER
International Standard Book Number 067338859X
040 ## - CATALOGING SOURCE
Transcribing agency ARRUPELIB
050 ## - LIBRARY OF CONGRESS CALL NUMBER
Classification number T58.6.M3518 1990
300 ## - PHYSICAL DESCRIPTION
Other physical details 25cm.
100 ## - MAIN ENTRY--PERSONAL NAME
Personal name Boyton, Andrew C
245 ## - TITLE STATEMENT
Title Management information systems: readings and cases
245 ## - TITLE STATEMENT
Remainder of title a managerial perspective
260 ## - PUBLICATION, DISTRIBUTION, ETC. (IMPRINT)
Place of publication, distribution, etc Glenview, ILL.
260 ## - PUBLICATION, DISTRIBUTION, ETC. (IMPRINT)
Name of publisher, distributor, etc Scott, Foresman/Little, Brown Higher Education
260 ## - PUBLICATION, DISTRIBUTION, ETC. (IMPRINT)
Date of publication, distribution, etc 1990
300 ## - PHYSICAL DESCRIPTION
Extent 511p.
700 ## - ADDED ENTRY--PERSONAL NAME
Personal name Zmud, Robert W
942 00 - ADDED ENTRY ELEMENTS (KOHA)
Koha issues (borrowed), all copies 1
Holdings
Withdrawn status Lost status Source of classification or shelving scheme Damaged status Not for loan Collection code Home library Current library Shelving location Date acquired Total Checkouts Full call number Barcode Date last seen Date checked out Copy number Price effective from Koha item type
    Library of Congress Classification     Main Collection ARRUPE LIBRARY ARRUPE LIBRARY   07/03/2013 1 T58.6.M3518 1990 46003072432 12/09/2019 13/01/2014 1 07/03/2013 Monograph ( Printed materials)

 

Arrupe Library. PO Box MP320 Mt Pleasant, Harare, Zimbabwe
263 242 745411|librarian@aju.ac.zw